| 000 | 00529cam a22002174a 4500 | ||
|---|---|---|---|
| 005 | 20250605164318.0 | ||
| 008 | 250528s ||||||||||||||||||||||||d | ||
| 035 | _a22788 | ||
| 020 | _a9780412409301 | ||
| 040 |
_aGR-AtMCL _bgre _dGR-AtMCL _eAACR2 |
||
| 245 | 1 | _aINTERNATIONAL FINANCE | |
| 250 | _a1 | ||
| 260 |
_bChapman & Hall, _c1993 |
||
| 300 | _a623 | ||
| 700 | 1 |
_aClark Ephraim _91693 |
|
| 700 | 1 |
_aLevasseur Michel _91694 |
|
| 700 | 1 |
_aRousseau Patrick _91695 |
|
| 942 | _cBK | ||
| 999 |
_c7833 _d7833 |
||